Elaborar un proyecto a nivel de prefactibilidad, para la construcción de aulas para secundaria en la comunidad quebrantadero, municipio de Juigalpa, departamento de Chontales
Elaborar un proyecto a nivel de prefactibilidad, para la construcción de aulas para la secundaria en la comunidad quebrantadero, municipio de Juigalpa, departamento de Chontales, desarrolla un estudio de mercado para determinar la demanda del servicio de la educación secundaria, realiza un estudio...
| Main Authors: | , , |
|---|---|
| Other Authors: | |
| Format: | Tesis Section = Libro |
| Language: | Undetermined Spanish |
| Published: |
Juigalpa
UNI/RUACS
2018
|
| Subjects: |
| LEADER | 01553nam a2200289Ia 4500 | ||
|---|---|---|---|
| 008 | 240830s9999 xx 000 0 und d | ||
| 040 | |a BIBLIOTECA-RUPAP Mon 690 S211 | ||
| 041 | |a spa | ||
| 082 | |a Mon 690 S211 | ||
| 100 | 1 | |a Sánchez Reyes, Pedro José | |
| 100 | 1 | |b Morales Arostegui, Geylan Napoleón | |
| 100 | 1 | |c Duarte Serrano, Edsel José | |
| 245 | 1 | 0 | |a Elaborar un proyecto a nivel de prefactibilidad, para la construcción de aulas para secundaria en la comunidad quebrantadero, municipio de Juigalpa, departamento de Chontales |
| 260 | |a Juigalpa |b UNI/RUACS |c 2018 | ||
| 300 | |a 86 p. :il. | ||
| 500 | |a Contiene: anexos y CD. | ||
| 502 | |a Tesis (Ingeniero Civil)- UNI, 2018. | ||
| 520 | 3 | |a Elaborar un proyecto a nivel de prefactibilidad, para la construcción de aulas para la secundaria en la comunidad quebrantadero, municipio de Juigalpa, departamento de Chontales, desarrolla un estudio de mercado para determinar la demanda del servicio de la educación secundaria, realiza un estudio técnico para determinar la viabilidad técnica para la ejecución física del proyecto, realiza una evaluación económica y social del proyecto con el fin de estudiar su factibilidad económica. | |
| 650 | 7 | |a CONSTRUCCION DE EDIFICIOS-PROYECTOS | |
| 650 | 7 | |b ESTUDIOS DE FACTIBILIDAD | |
| 650 | 7 | |c ESTUDIO DE MERCADO | |
| 650 | 7 | |d ESTUDIO ECONOMICO | |
| 650 | 7 | |e CENTROS EDUCATIVOS PARA SECUNDARIA-DISEÑO Y CONSTRUCCION | |
| 700 | 1 | |a Tutor: |b González Murillo, Manuel | |
| 942 | |c BK |2 ddc | ||
| 991 | |a TESIS | ||
| 999 | |c 17854 | ||